Detalles MARC
| 000 -CABECERA |
| fixed length control field |
01176aam a2200373 a 4500 |
| 001 - NUMERO DE CONTROL |
| control field |
001329733 |
| 003 - CONTROL NUMBER IDENTIFIER |
| control field |
AR-BeUNQ |
| 005 - FECHA Y HORA DE LA ULTIMA TRANSACCION |
| control field |
20230905171137.0 |
| 007 - CAMPO FIJO DE DESCRIPCION FIJA - INFORMACION GENERAL |
| fixed length control field |
ta |
| 008 - ELEMENTOS DE LONGITUD FIJA-INFORMACION GENERAL |
| fixed length control field |
230905s2010 ag a gr 001 0 spa |
| 015 ## - NATIONAL BIBLIOGRAPHY NUMBER |
| National bibliography number |
AR-2010 |
| 020 ## - NUMERO INTERNACIONAL NORMALIZADO PARA LIBROS |
| Número Internacional Normalizado del libro |
9789500518949 |
| 040 ## - FUENTE DE CATALOGACION |
| Agencia de catalogación original |
AR-BaBN |
| Idioma de catalogación |
ESPAÑOL |
| Agencia que realiza la transcripción |
AR-BaBN |
| Convenciones de la descripción |
aacr |
| 043 ## - GEOGRAPHIC AREA CODE |
| Geographic area code |
n-mx--- |
| 044 ## - COUNTRY OF PUBLISHING/PRODUCING ENTITY CODE |
| MARC country code |
ag |
| ISO country code |
ar-c |
| 082 ## - NUMERO DE CLASIFICACION DECIMAL DEWEYMBER |
| Número de clasificación |
972.02 |
| Número de la edición |
21 |
| 100 1# - ASIENTO PRINCIPAL-NOMBRE PERSONAL |
| Nombre personal |
Cortés, Hernán, |
| Fecha asociada al nombre |
1485-1547 |
| Término relacionador |
aut. |
| Relationship |
auth |
| 245 10 - MENCION DE TITULO |
| Título |
Segunda carta de relación y otros textos / |
| Mención de responsabilidad, etc |
Hernán Cortés ; edición, prólogo y notas de Valeria Añón. |
| 260 ## - PUBLICACION, DISTRIBUCION, ETC. |
| Lugar de publicación, distribución, etc. |
Buenos Aires : |
| Nombre del editor, distribuidor, etc. |
Corregidor, |
| Fecha de publicación, distribución, etc |
2010. |
| 300 ## - DESCRIPCION FISICA |
| Extensión |
345 p. : |
| Otros detalles físicos |
il. ; |
| Dimensiones |
20 cm. |
| 490 1# - MENCION DE SERIE |
| Mención de serie |
La inteligencia americana |
| Designación numérica/secuencial del volumen |
2 |
| 500 ## - NOTA GENERAL |
| Nota general |
Incluye referencias. |
| 504 ## - NOTA DE BIBLIOGRAFIA, ETC. |
| Nota de bibliografía, etc. |
Bibliografía: p. 81-88. |
| 600 14 - ASIENTO SECUNDARIO DE MATERIA - NOMBRE PERSONAL |
| Nombre personal |
Cortés, Hernán, |
| Fechas asociadas con el nombre |
1485-1547 |
| 650 #7 - ASIENTO SECUNDARIO DE MATERIA - TERMINO TEMATICO |
| Término temático o nombre geográfico como elemento de entrada |
Crónicas |
| Fuente del encabezamiento o términ |
tell |
| 650 #7 - ASIENTO SECUNDARIO DE MATERIA - TERMINO TEMATICO |
| Término temático o nombre geográfico como elemento de entrada |
Historia |
| Fuente del encabezamiento o términ |
spines |
| 651 #7 - ASIENTO SECUNDARIO DE MATERIA - NOMBRE GEOGRAFICO |
| Nombre geográfico |
México |
| Fuente del encabezamiento o término |
spines |
| 653 ## - TERMINO DE INDIZACION - NO CONTROLADO |
| Término de indización no controlado |
Colonización |
| 653 ## - TERMINO DE INDIZACION - NO CONTROLADO |
| Término de indización no controlado |
Conquista de México |
| 700 1# - ASIENTO SECUNDARIO - NOMBRE DE PERSONA |
| Personal name |
Añón, Valeria |
| Relator term |
ed. |
| -- |
pról. |
| 830 #3 - ASIENTO SECUNDARIO DE SERIE--TITULO UNIFORME |
| Título uniforme |
La inteligencia americana |
| Designación numérica/secuencial del volumen |
2 |
| 929 ## - DATOS DE ADQUISICION |
| Procedencia |
DONACION |
| Proveedor |
Ministerio de Educación |
| Precio |
500,00 |
| Fecha de recibido |
20190611 |
| Patrimonio UNQ |
PAT0080481 |
| Es copia |
1 |
| Número de inventario |
60664 |
| 942 ## - ELEMENTOS DE PUNTO DE ACCESO ADICIONAL (KOHA) |
| Source of classification or shelving scheme |
|
| Tipo de ítem Koha |
Libros |